[Event "Gatineau Rentree Hull"]
[Site "Gatineau"]
[Date "2018.10.02"]
[Round "4"]
[White "Lemieux, Richard"]
[Black "Lafontaine, Claude"]
[Result "0-1"]
[WhiteElo "1621"]
[BlackElo "1655"]
[PlyCount "81"]
[EventDate "2018.09.11"]
[EventType "swiss"]
[EventRounds "5"]
[EventCountry "CAN"]
[SourceTitle "EXT 2022"]
[Source "ChessBase"]
[SourceDate "2021.10.06"]
[SourceVersion "1"]
[SourceVersionDate "2021.10.06"]
[SourceQuality "1"]

1. e4 c5 2. Nf3 Nc6 3. d4 cxd4 4. Nxd4 e6 5. Nc3 Nf6 6. Bg5 Be7 7. Be2 Qa5 8. Nxc6 bxc6 9. Bd2 Qb6 10. Rb1 Bb7 11. Be3 Qc7 12. a3 a5 13. 0-0 0-0 14. f3 Rfe8 15. Na4 d5 16. Bb6 Qe5 17. Bd4 Qc7 18. Nb6 Rad8 19. e5 Nd7 20. Nxd7 Rxd7 21. f4 c5 22. Bf2 f6 23. Bg4 f5 24. Bh5 g6 25. Be2 d4 26. Qd3 Be4 27. Qb3 Bd5 28. Qg3 Bf8 29. Bh5 Rg7 30. Bf3 Qc6 31. Bxd5 Qxd5 32. h4 h6 33. Rbd1 g5 34. hxg5 hxg5 35. fxg5 Be7 36. Be3 Qe4 37. Bf4 Qe2 38. Qb3 Bxg5 39. Bxg5 Rxg5 40. Rd2 Rxg2+ 41. Kh1 0-1

[Event "Gatineau Hull CC-chB"]
[Site "Gatineau"]
[Date "2009.04.14"]
[Round "1"]
[White "Wright, William"]
[Black "Lemieux, Richard"]
[Result "0-1"]
[WhiteElo "1092"]
[BlackElo "1653"]
[PlyCount "60"]
[EventDate "2009.04.14"]
[EventType "swiss"]
[EventRounds "5"]
[EventCountry "CAN"]
[SourceTitle "EXT 2011"]
[Source "ChessBase"]
[SourceDate "2010.11.26"]
[SourceVersion "1"]
[SourceVersionDate "2010.11.26"]
[SourceQuality "1"]

1. d4 Nf6 2. c4 e5 3. Nc3 Bb4 4. a3 Bxc3+ 5. bxc3 0-0 6. Nf3 e4 7. Nd2 e3 8. fxe3 Re8 9. Qc2 Rxe3 10. Nf3 Re8 11. e3 d6 12. Bd3 h6 13. 0-0 Nc6 14. Rb1 b6 15. d5 Ne5 16. Nxe5 Rxe5 17. e4 Qe7 18. Bf4 Rh5 19. Be2 Bg4 20. Rbe1 g5 21. Bxg4 Nxg4 22. Qe2 gxf4 23. Qxg4+ Rg5 24. Qxf4 Rf8 25. Rf2 Qe5 26. Qh4 Qxc3 27. Ref1 Qg7 28. Rf4 Rxg2+ 29. Kh1 Rg6 30. Qh3 Qd4 0-1

[Event "Gatineau Outaouais2"]
[Site "Gatineau"]
[Date "2004.04.27"]
[Round "4"]
[White "Lemieux, Richard"]
[Black "Roy, Roger"]
[Result "0-1"]
[WhiteElo "1725"]
[BlackElo "1787"]
[PlyCount "64"]
[EventDate "2004.04.??"]
[EventType "tourn"]
[EventRounds "6"]
[EventCountry "CAN"]
[SourceTitle "EXT 2006"]
[Source "ChessBase"]
[SourceDate "2005.11.24"]
[SourceVersion "1"]
[SourceVersionDate "2005.11.24"]
[SourceQuality "1"]

1. e4 c5 2. Nf3 d6 3. d4 cxd4 4. Nxd4 Nf6 5. Nc3 a6 6. Bc4 e6 7. 0-0 b5 8. Bd3 Bb7 9. Qe2 Nc6 10. Nxc6 Bxc6 11. f3 Be7 12. Be3 0-0 13. Rad1 Qc7 14. Bf4 b4 15. e5 dxe5 16. Bxe5 Qb6+ 17. Kh1 bxc3 18. Bxc3 Bb5 19. Bxb5 Qxb5 20. Qf2 Rfd8 21. h4 Rxd1 22. Rxd1 Rd8 23. Rxd8+ Bxd8 24. Qg3 Ne8 25. Qg4 Qf1+ 26. Kh2 Bc7+ 27. g3 Qf2+ 28. Kh3 f5 29. Qg5 Qxf3 30. Kh2 Qe2+ 31. Kh1 Qf1+ 32. Kh2 Bb6 0-1

[Event "Hull-ch"]
[Site "Gatineau"]
[Date "2004.03.09"]
[Round "5"]
[White "Lemieux, Richard"]
[Black "Roy, Roger"]
[Result "1-0"]
[WhiteElo "1693"]
[BlackElo "1710"]
[PlyCount "43"]
[EventDate "2004.02.??"]
[EventType "swiss"]
[EventRounds "5"]
[EventCountry "CAN"]
[SourceTitle "EXT 2005"]
[Source "ChessBase"]
[SourceDate "2004.11.15"]
[SourceVersion "1"]
[SourceVersionDate "2004.11.15"]
[SourceQuality "1"]

1. Nf3 Nf6 2. c4 e6 3. g3 b6 4. Bg2 Bb7 5. 0-0 Be7 6. Nc3 0-0 7. b3 d6 8. d4 d5 9. Ne5 c6 10. Bg5 Nbd7 11. Qc2 h6 12. Bd2 Rc8 13. Rad1 Ba6 14. f4 c5 15. f5 cxd4 16. Nxd7 Nxd7 17. fxe6 dxc3 18. exf7+ Kh8 19. Bxc3 dxc4 20. Qg6 Bc5+ 21. Kh1 Qg5 22. Bxg7# 1-0

[Event "Hull-ch"]
[Site "Gatineau"]
[Date "2004.02.10"]
[Round "1"]
[White "Laurin, Marcel"]
[Black "Lemieux, Richard"]
[Result "1-0"]
[WhiteElo "1710"]
[BlackElo "1693"]
[PlyCount "53"]
[EventDate "2004.02.??"]
[EventType "swiss"]
[EventRounds "5"]
[EventCountry "CAN"]
[SourceTitle "EXT 2005"]
[Source "ChessBase"]
[SourceDate "2004.11.15"]
[SourceVersion "1"]
[SourceVersionDate "2004.11.15"]
[SourceQuality "1"]

1. d4 Nf6 2. c4 e5 3. dxe5 Ng4 4. Bf4 Nc6 5. Nf3 Bb4+ 6. Nbd2 Qe7 7. a3 Ngxe5 8. Nxe5 Nxe5 9. e3 Bxd2+ 10. Qxd2 d6 11. Be2 Be6 12. Rc1 Rd8 13. 0-0 0-0 14. Rc3 Bg4 15. f3 Bh5 16. e4 h6 17. g4 Bg6 18. Rf2 f6 19. h4 h5 20. gxh5 Bxh5 21. Rg2 Kh7 22. Qc2 Kh8 23. Qd1 f5 24. Bg5 Qf7 25. Bxd8 Rxd8 26. exf5 Qxf5 27. Rg5 1-0

[Event "Gatineau Echiquier Royal 15 ann"]
[Site "Gatineau"]
[Date "2003.09.19"]
[Round "3"]
[White "Lemieux, Richard"]
[Black "Roy, Roger"]
[Result "1/2-1/2"]
[WhiteElo "1702"]
[BlackElo "1674"]
[PlyCount "82"]
[EventDate "2003.09.??"]
[EventType "swiss"]
[EventRounds "5"]
[EventCountry "CAN"]
[SourceTitle "EXT 2006"]
[Source "ChessBase"]
[SourceDate "2005.11.24"]
[SourceVersion "1"]
[SourceVersionDate "2005.11.24"]
[SourceQuality "1"]

1. Nf3 c6 2. c4 g6 3. g3 Bg7 4. Bg2 e5 5. e4 Ne7 6. Nc3 0-0 7. 0-0 d6 8. d4 Nd7 9. d5 Nb6 10. b3 cxd5 11. exd5 Nf5 12. Ne4 Bd7 13. Ba3 Nc8 14. Qd2 a5 15. Rab1 b5 16. g4 b4 17. Bb2 Nh4 18. Nxh4 Qxh4 19. h3 f5 20. gxf5 Bxf5 21. Qe3 Bh6 22. Qg3 Qxg3 23. fxg3 Be3+ 24. Kh2 Bxe4 25. Rxf8+ Kxf8 26. Bxe4 Ra7 27. Rf1+ Rf7 28. Rxf7+ Kxf7 29. Kg2 Nb6 30. Kf3 Bc5 31. Bc1 a4 32. Bg5 axb3 33. axb3 Nd7 34. Ke2 Bb6 35. h4 Nc5 36. Bc2 Nd7 37. Kf3 Nf6 38. Bd3 Bc5 39. g4 h5 40. gxh5 gxh5 41. Bf5 Kg7 1/2-1/2

[Event "Hull La Colonne Ouverte"]
[Site "Hull"]
[Date "2002.10.15"]
[Round "1"]
[White "Lemieux, Richard"]
[Black "Groleau, Gilles"]
[Result "0-1"]
[WhiteElo "1674"]
[BlackElo "2122"]
[PlyCount "78"]
[EventDate "2002.10.15"]
[EventType "swiss"]
[EventRounds "5"]
[EventCountry "CAN"]
[SourceTitle "EXT 2022"]
[Source "ChessBase"]
[SourceDate "2021.10.06"]
[SourceVersion "1"]
[SourceVersionDate "2021.10.06"]
[SourceQuality "1"]

1. Nf3 Nf6 2. g3 b6 3. Bg2 Bb7 4. 0-0 e6 5. d3 d5 6. Bf4 Be7 7. Re1 0-0 8. Nc3 c5 9. d4 Nc6 10. dxc5 bxc5 11. Bg5 h6 12. Bd2 Qd7 13. a4 d4 14. Nb5 a6 15. Na3 e5 16. h3 Ne4 17. Nc4 Qc7 18. a5 Rad8 19. Bc1 Rfe8 20. Nh2 Nd6 21. Nb6 Bf8 22. Nd5 Qc8 23. e4 Ne7 24. Nb6 Qe6 25. Qg4 Nec8 26. Nd5 Qxg4 27. Nxg4 h5 28. Nh2 Bxd5 29. exd5 f5 30. b3 Nb5 31. Bf1 Nca7 32. Nf3 Bd6 33. Ng5 Nc7 34. Bc4 g6 35. Ba3 Kg7 36. h4 Nab5 37. Bb2 e4 38. b4 cxb4 39. Bxd4+ Nxd4 0-1

[Event "Hull-ch2"]
[Site "Hull"]
[Date "2001.03.20"]
[Round "3"]
[White "Papineau, Andre"]
[Black "Lemieux, Richard"]
[Result "0-1"]
[WhiteElo "1707"]
[BlackElo "1782"]
[PlyCount "64"]
[EventDate "2001.03.??"]
[EventType "tourn"]
[EventRounds "5"]
[EventCountry "CAN"]
[SourceTitle "EXT 2005"]
[Source "ChessBase"]
[SourceDate "2004.11.15"]
[SourceVersion "1"]
[SourceVersionDate "2004.11.15"]
[SourceQuality "1"]

1. d4 Nf6 2. Nf3 g6 3. g3 Bg7 4. Bg2 d6 5. 0-0 c6 6. c4 0-0 7. Nc3 Nbd7 8. e4 e5 9. d5 Nc5 10. Bg5 h6 11. Bxf6 Qxf6 12. b4 Nd7 13. Qd3 c5 14. b5 b6 15. a4 Qe7 16. Nd2 f5 17. f3 f4 18. g4 Qh4 19. Qe2 a5 20. Qf2 Qe7 21. Rfd1 Bf6 22. Nf1 Bh4 23. Qc2 Nf6 24. h3 h5 25. Nh2 hxg4 26. hxg4 Rf7 27. Bh3 Rh7 28. Qg2 Kf7 29. Kf1 Bg3 30. Ke2 Bxh2 31. Qxh2 Nxg4 32. Qg2 Ne3 0-1

[Event "Roland Gaudet Memorial"]
[Site "Hull"]
[Date "2000.10.10"]
[Round "5"]
[White "Lemieux, Richard"]
[Black "Lacourse, Guy"]
[Result "1/2-1/2"]
[WhiteElo "1748"]
[BlackElo "1687"]
[PlyCount "102"]
[EventDate "2000.09.12"]
[EventType "swiss"]
[EventRounds "5"]
[EventCountry "CAN"]
[SourceTitle "EXT 2005"]
[Source "ChessBase"]
[SourceDate "2004.11.15"]
[SourceVersion "1"]
[SourceVersionDate "2004.11.15"]
[SourceQuality "1"]

1. e4 c5 2. f4 Nc6 3. Nc3 g6 4. Nf3 Bg7 5. Be2 a6 6. d3 e6 7. 0-0 Nge7 8. Be3 b6 9. Bf2 d5 10. e5 f6 11. d4 cxd4 12. Bxd4 Nxd4 13. Qxd4 fxe5 14. fxe5 0-0 15. Na4 Rb8 16. Rad1 Nf5 17. Qd3 b5 18. Nc5 Qc7 19. b4 Bxe5 20. Nxe5 Qxe5 21. Rf3 Ng7 22. Rxf8+ Kxf8 23. Rf1+ Ke7 24. Qf3 Nf5 25. Qg4 Qd4+ 26. Qxd4 Nxd4 27. Bd3 e5 28. c3 Ne6 29. Nb3 e4 30. Bc2 Rb6 31. Na5 Rd6 32. a4 Bd7 33. axb5 axb5 34. Rd1 Nc7 35. Kf2 Ke6 36. Bb3 Ke5 37. Ke3 Rf6 38. Nb7 Bc6 39. Nc5 Rf8 40. Ra1 Ra8 41. Rf1 Ne6 42. Nxe6 Kxe6 43. Kd4 Ra3 44. Bc2 Ra2 45. Rf2 Bd7 46. g4 h5 47. g5 Ke7 48. Ke3 Bf5 49. Bd1 Rxf2 50. Kxf2 Kd6 51. Ke3 Ke5 1/2-1/2

[Event "Hull CC ch"]
[Site "Hull"]
[Date "1999.03.09"]
[Round "2"]
[White "Thomann, Olivier"]
[Black "Lemieux, Richard"]
[Result "0-1"]
[WhiteElo "1787"]
[BlackElo "1670"]
[PlyCount "39"]
[EventDate "1999.03.03"]
[EventType "swiss"]
[EventRounds "5"]
[EventCountry "CAN"]
[SourceTitle "EXT 2022"]
[Source "ChessBase"]
[SourceDate "2021.10.06"]
[SourceVersion "1"]
[SourceVersionDate "2021.10.06"]
[SourceQuality "1"]

1. e4 c5 2. Nf3 d6 3. d4 cxd4 4. Nxd4 Nf6 5. Nc3 a6 6. Bc4 g6 7. 0-0 Bg7 8. Nf3 0-0 9. e5 dxe5 10. Qxd8 Rxd8 11. Nxe5 e6 12. Bg5 Rf8 13. Rfe1 b5 14. Bb3 Bb7 15. Rad1 Nc6 16. Nxf7 Rxf7 17. Bxe6 Nd8 18. Bb3 Kf8 19. Bxf7 Nxf7 20. Re6 0-1